LEADER 00857nam0-22003011i-450- 001 990005597200403321 005 20061128111956.0 010 $a071481606X 035 $a000559720 035 $aFED01000559720 035 $a(Aleph)000559720FED01 035 $a000559720 100 $a19990604d1974----km-y0itay50------ba 101 0 $aita 105 $aa-------00--- 200 1 $a<>triumph of Art Nouveau$eParis Exhibition 1900$fPhilippe Jullian 210 $aLondon$cPhaidon$dc1974 215 $a216 p.$cill.$d25 cm 610 0 $aArt Nouveau 676 $a709.0349$v21$zita 700 1$aJullian,$bPhilippe$f<1921-1977>$0164891 801 0$aIT$bUNINA$gRICA$2UNIMARC 901 $aBK 912 $a990005597200403321 952 $a709.034 JUL 1$bST. ARTE 11858$fFLFBC 959 $aFLFBC 996 $aTriumph of Art Nouveau$9608679 997 $aUNINA LEADER 03371oam 2200625I 450 001 9910461861503321 005 20200520144314.0 010 $a9780429896963 010 $a0-429-47504-7 010 $a1-280-12564-0 010 $a9786613529503 010 $a1-84940-958-7 035 $a(CKB)2670000000169951 035 $a(EBL)879954 035 $a(OCoLC)784885691 035 $a(SSID)ssj0000662352 035 $a(PQKBManifestationID)11425861 035 $a(PQKBTitleCode)TC0000662352 035 $a(PQKBWorkID)10714081 035 $a(PQKB)10572778 035 $a(MiAaPQ)EBC879954 035 $a(Au-PeEL)EBL879954 035 $a(CaPaEBR)ebr10547177 035 $a(CaONFJC)MIL352950 035 $a(EXLCZ)992670000000169951 100 $a20180611h20182012 uy 0 101 0 $aeng 135 $aur|n|---||||| 181 $ctxt 182 $cc 183 $acr 200 10$aFreud's "on narcissism $ean introduction" /$fby Peter Fonagy 210 1$aBoca Raton, FL :$cRoutledge, an imprint of Taylor and Francis,$d[2018]. 210 4$dİ2012. 215 $a1 online resource (257 p.) 225 1 $aIPA ;$vv.13 300 $aDescription based upon print version of record. 311 $a0-367-10142-4 311 $a1-78049-108-5 320 $aIncludes bibliographical references and index. 327 $aCOVER; Contents; Preface; Introduction; PART ONE: ON NARCISSISM: AN INTRODUCTION ( 1914); PART TWO: DISCUSSION OF ""ON NARCISSISM: AN INTRODUCTION""; Freud's "On Narcissism": A Teaching Text; "On Narcissism: An Introduction": Text and Context; Introduction to "On Narcissism"; Letter to Sigmund Freud; Narcissism in Freud; A Contemporary Reading of "On Narcissism"; The Theory of Narcissism in the Work of Freud and Klein; From Narcissism to Ego Psychology to Self Psychology; Narcissism as a Form of Relationship; Narcissism and the Analytic Situation; List of Contributors; Index 330 3 $aOn Narcissism: An Introduction is a densely packed essay dealing with ideas that are still being debated today - from the role of narcissism in normal and pathological development and the relationship of narcissism to homosexuality, libido, romantic love, and self-esteem to issues of therapeutic intervention. The contributors place the work in the context of Freud's evolving thinking, point out its innovations, review its problematic aspects, and examine how its theoretical concepts have been elaborated more recently by analysts of diverse theoretic persuasions. In addition, they use Freud's text to chart new developments in psychoanalysis and point toward still unresolved problems. An introduction by Joseph Sandler, Ethel Spector Person, and Peter Fonagy provides a succinct overview of the material.Contributors: Willy Baranger, David Bell, R. Horacio Etchegoyen, Peter Fonagy, Leon Grinberg, Bela Grunberger, Heinz Henseler, Otto F. Kernberg, Paul H. Ornstein, Ethel Spector Person, Joseph Sandler, Hanna Segal, Nikolaus Treurniet, Clifford Yorke. 410 0$aIPA 606 $aNarcissism 608 $aElectronic books. 615 0$aNarcissism. 676 $a150.1954 676 $a616.86/1 700 $aFonagy$b Peter$f1952-,$0172440 801 0$bFlBoTFG 801 1$bFlBoTFG 906 $aBOOK 912 $a9910461861503321 996 $aFreud's "on narcissism$91892561 997 $aUNINA